| 000 | 00855nam a22002777a 4500 | ||
|---|---|---|---|
| 001 | 3880 | ||
| 003 | FISKH | ||
| 005 | 20240521083905.0 | ||
| 008 | 240521b cb ||||| |||| 00| 0 eng d | ||
| 020 | _a9780823963362 | ||
| 040 |
_aFISKH _beng _cFISKH _dFISKH |
||
| 082 | _a580 | ||
| 100 |
_aLeigh, Autumn _eauthor |
||
| 245 |
_aFrom the farm to the table / _cby Autumn, Leigh |
||
| 250 | _aPublished in 2010 | ||
| 260 |
_aNew York : _bThe Rosen Publishing Group, Inc . _c2010 |
||
| 300 |
_a8 pages : _bcolor illustrations ; _c22 cm . |
||
| 490 | _aRosen Real Readers | ||
| 505 | _aAA | ||
| 520 | _aDescribes the cycle of food, from being grown on a farm to sold in a market to consumed at home. | ||
| 521 | 8 |
_a30
_bLexile |
|
| 521 | 8 |
_aAA
_bRaz-Plus |
|
| 650 |
_aplants _vnon-fiction |
||
| 942 |
_2ddc _cBK _n0 |
||
| 999 |
_c3880 _d3880 |
||